000 00310nam a22001337a 4500
008 170829b xxu||||| |||| 00| 0 eng d
020 _a9780534647186
041 _aeng
080 _28TH
_a070
100 _a39
101 _aMED
245 _aMASS MEDIA RESEARCH AN INTRODUCTION
_cWIMMER,R.D
942 _2udc
_cBK
999 _c25237
_d25237